[Event "Julius Baer Rapid Div 1 L"]
[Site "chess.com INT"]
[Date "2023.08.31"]
[Round "1.1"]
[White "Tabatabaei, M. Amin"]
[Black "Lazavik, Denis"]
[Result "1-0"]
[WhiteTitle "GM"]
[BlackTitle "GM"]
[WhiteElo "2696"]
[BlackElo "2560"]
[WhiteFideId "12521213"]
[BlackFideId "13515110"]
[EventDate "2023.08.31"]
[EventType "k.o."]

1. e4 e5 2. Nf3 Nc6 3. Bb5 Nf6 4. d3 Bc5 5. Bxc6 dxc6 6. O-O Nd7 7. Nbd2 b6 8.
Nc4 f6 9. c3 Ba6 10. Qa4 Bb5 11. Qb3 Qe7 12. Rd1 Qf7 13. Ne3 Qxb3 14. axb3 Bxe3
15. Bxe3 c5 16. b4 cxb4 17. cxb4 a6 18. d4 O-O-O 19. dxe5 Nxe5 20. Nxe5 fxe5 21.
Rdc1 Kb7 22. f3 Rd3 23. Ra3 Rxa3 24. bxa3 Re8 25. Bd2 Kc8 26. Bc3 Ba4 27. Bb2
Kd7 28. Kf2 Re7 29. g3 g6 30. Ke3 Bc6 31. h4 Kd6 32. h5 Re6 33. Rd1+ Ke7 34.
hxg6 hxg6 35. Rh1 Kd6 36. Rh8 Ke7 37. Bc3 Kd7 38. Rh7+ Kd6 39. Rg7 Bb7 40. a4 b5
41. a5 Bc6 42. Ke2 Be8 43. Kf2 Bd7 44. Bd2 Kc6 45. Be3 Be8 46. Bc5 Kb7 47. Kg2
Kc8 48. Kf1 Rf6 49. Ke2 Re6 50. Kd3 Bc6 51. Ke3 Kd8 52. Rg8+ Kd7 53. Kf2 Bb7 54.
Kg2 Bc6 55. Kh3 Rf6 56. Kg4 Bb7 57. Rg7+ Kc6 58. f4 exf4 59. gxf4 Re6 60. e5 Bc8
61. Kg5 Kd5 62. Rxc7 Rc6 63. Rxc6 Kxc6 64. Kxg6 Kd5 65. Kf6 Ke4 66. e6 1-0

[Event "Julius Baer Rapid Div 1 L"]
[Site "chess.com INT"]
[Date "2023.08.31"]
[Round "1.1"]
[White "Eljanov, Pavel"]
[Black "Abdusattorov, Nodirbek"]
[Result "1/2-1/2"]
[WhiteTitle "GM"]
[BlackTitle "GM"]
[WhiteElo "2695"]
[BlackElo "2725"]
[WhiteFideId "14102951"]
[BlackFideId "14204118"]
[EventDate "2023.08.31"]
[EventType "k.o."]

1. d4 Nf6 2. c4 e6 3. Nc3 d5 4. cxd5 Nxd5 5. e4 Nxc3 6. bxc3 c5 7. Nf3 cxd4 8.
cxd4 Bb4+ 9. Bd2 Bxd2+ 10. Qxd2 O-O 11. Bc4 Nd7 12. O-O b6 13. Rfe1 Bb7 14. Bb3
Rc8 15. Re3 Nf6 16. Rae1 Re8 17. Bc2 Qc7 18. Bb1 h6 19. h3 Red8 20. Rd1 b5 21.
Ne5 a5 22. a3 Qb6 23. Rg3 Kf8 24. Re3 b4 25. axb4 Qxb4 26. Qxb4+ axb4 27. f3 Nd7
28. Nd3 Rb8 29. Nxb4 Bxe4 30. Rxe4 Rxb4 31. d5 Rxe4 32. fxe4 Nf6 33. Kf2 exd5
34. exd5 Rxd5 35. Rxd5 Nxd5 36. g3 Ke7 37. Be4 Nc3 38. Bc2 Kd6 39. Ke3 Ke5 40.
h4 f5 41. Kf3 Ne4 42. Bd3 Nf6 43. Bc2 g6 44. Ba4 g5 45. hxg5 hxg5 46. Bc6 g4+
47. Kf2 Kd4 48. Bb7 Ne4+ 49. Kg2 Nc3 50. Bc8 Nd1 51. Bd7 Ke4 52. Kg1 Nb2 53.
Bc6+ Ke5 54. Bd7 Nc4 55. Kg2 Ke4 56. Kf2 Nd6 57. Bc6+ Kd3 58. Bd7 Ke4 59. Bc6+
Ke5 60. Bd7 Ne4+ 61. Kg2 Nc3 62. Bc8 Nd1 63. Bd7 Kd4 64. Kg1 Ne3 65. Kf2 Kd3 66.
Bc8 Kd2 67. Bd7 Kd3 68. Bc8 Kd4 69. Bd7 Ke4 70. Bc6+ Nd5 71. Bb7 Ke5 72. Bc8 Nb6
73. Bb7 Nd7 74. Bc8 Nc5 75. Kg2 Na4 76. Bd7 Nb6 77. Bc6 Kd4 78. Kf2 Kd3 79. Bb5+
Kd2 80. Ba6 Kc3 81. Bb5 Kd4 82. Ba6 Nc4 83. Bc8 Ke5 84. Bd7 Nd6 85. Bc6 Ne4+ 86.
Kg2 Nc5 87. Bb5 Ke4 88. Kf2 Kd4 89. Bc6 Nd3+ 90. Kg2 Ne5 91. Bb7 Nc4 92. Kf2 Nd6
93. Bc6 Ne4+ 94. Kg2 Ke3 95. Bd7 Nd6 96. Be6 Ke2 1/2-1/2

[Event "Julius Baer Rapid Div 1 L"]
[Site "chess.com INT"]
[Date "2023.08.31"]
[Round "1.2"]
[White "Lazavik, Denis"]
[Black "Tabatabaei, M. Amin"]
[Result "1-0"]
[WhiteTitle "GM"]
[BlackTitle "GM"]
[WhiteElo "2560"]
[BlackElo "2696"]
[WhiteFideId "13515110"]
[BlackFideId "12521213"]
[EventDate "2023.08.31"]
[EventType "k.o."]

1. d4 Nf6 2. c4 e6 3. Nf3 d5 4. g3 Bb4+ 5. Bd2 Be7 6. Bg2 O-O 7. Qc2 Nbd7 8. Bf4
c6 9. Nbd2 Nh5 10. Be3 a5 11. O-O h6 12. Rfd1 Nhf6 13. Rac1 Ng4 14. Bf4 g5 15.
Be5 Ngxe5 16. Nxe5 Nxe5 17. dxe5 a4 18. Nf3 Bd7 19. e3 Kg7 20. Qe2 Qb6 21. e4
Rfd8 22. exd5 cxd5 23. cxd5 exd5 24. Nd4 Rac8 25. Rxc8 Bxc8 26. g4 Be6 27. Nf5+
Bxf5 28. gxf5 f6 29. e6 Qc6 30. Qh5 Qe8 31. Qxe8 Rxe8 32. Rxd5 a3 33. bxa3 Ra8
34. Rd7 Kf8 35. Rxb7 Rxa3 36. Rb8+ Kg7 37. Re8 Bc5 38. Bd5 Ra7 39. Rb8 h5 40.
Rb7+ Rxb7 41. Bxb7 Ba3 42. h3 g4 43. h4 Kf8 44. Kg2 Kg7 45. f3 Kh6 46. Bc6 gxf3+
47. Bxf3 1-0

[Event "Julius Baer Rapid Div 1 L"]
[Site "chess.com INT"]
[Date "2023.08.31"]
[Round "1.2"]
[White "Abdusattorov, Nodirbek"]
[Black "Eljanov, Pavel"]
[Result "1-0"]
[WhiteTitle "GM"]
[BlackTitle "GM"]
[WhiteElo "2725"]
[BlackElo "2695"]
[WhiteFideId "14204118"]
[BlackFideId "14102951"]
[EventDate "2023.08.31"]
[EventType "k.o."]

1. e4 e5 2. Nf3 Nc6 3. Bb5 a6 4. Ba4 Nf6 5. O-O Be7 6. d3 b5 7. Bb3 d6 8. a3 O-O
9. Nc3 h6 10. Be3 Re8 11. h3 Bf8 12. Nd5 Be6 13. Nd2 Na5 14. Ba2 c5 15. b4 Nc6
16. c3 Bxd5 17. exd5 Ne7 18. Qf3 Ng6 19. g3 cxb4 20. cxb4 a5 21. Bb3 Qd7 22. Kh2
Nh7 23. Rac1 f5 24. Bb6 Qf7 25. bxa5 Be7 26. Rc7 Rf8 27. h4 Qe8 28. Rfc1 e4 29.
Qh5 Kh8 30. dxe4 f4 31. e5 fxg3+ 32. fxg3 Bxh4 33. gxh4 Rf4 34. Nf3 Nf6 35. exf6
Qe2+ 36. Kg3 Rxf6 37. Rc8+ Rxc8 38. Rxc8+ Kh7 39. Ng5# 1-0

[Event "Julius Baer Rapid Div 1 L"]
[Site "chess.com INT"]
[Date "2023.08.31"]
[Round "1.3"]
[White "Tabatabaei, M. Amin"]
[Black "Lazavik, Denis"]
[Result "0-1"]
[WhiteTitle "GM"]
[BlackTitle "GM"]
[WhiteElo "2696"]
[BlackElo "2560"]
[WhiteFideId "12521213"]
[BlackFideId "13515110"]
[EventDate "2023.08.31"]
[EventType "k.o."]

1. d4 Nf6 2. Nf3 d5 3. Bf4 c5 4. e3 Nc6 5. Nbd2 Bg4 6. c3 e6 7. Bb5 cxd4 8. exd4
Bd6 9. Bxd6 Qxd6 10. O-O O-O 11. a4 a6 12. Be2 h6 13. Re1 Bf5 14. Bf1 Qc7 15.
Nb3 Rfe8 16. Bd3 Bxd3 17. Qxd3 Ne4 18. a5 Nd6 19. Nfd2 Rab8 20. Qg3 Rbc8 21. Nc5
Nf5 22. Qxc7 Rxc7 23. g3 Rec8 24. Kg2 Nd6 25. h4 h5 26. Ra3 Nb8 27. Nf3 Nd7 28.
b4 Nb5 29. Rb3 g6 30. Re3 Nf6 31. Ne5 Ne8 32. f3 Kg7 33. g4 Nf6 34. Kg3 Nd6 35.
Rb2 hxg4 36. fxg4 Nfe4+ 37. Kf3 Rh8 38. Rh2 Nb5 39. Rd3 Nxc5 40. dxc5 f6 41. Re2
fxe5 42. Rxe5 Rf7+ 43. Kg3 Nc7 44. Rde3 Rhf8 45. h5 gxh5 46. Rg5+ Kf6 47. Rxh5
Ke7 48. g5 Rf1 49. Rh6 Rg1+ 50. Kh4 Rf4+ 51. Kh5 Rf5 52. Rh7+ Kd8 53. Rg7 Ne8
54. Rg6 Kd7 55. Rh3 Ke7 56. Kh6 Kf7 57. Rh4 Rff1 58. Kh7 Rh1 59. Rgh6 Rxh4 60.
Rxh4 Rg1 61. Rf4+ Ke7 62. Kg6 e5 63. Rf7+ Ke6 64. Rxb7 d4 65. cxd4 exd4 66. Rb8
Ke7 67. Rb7+ Ke6 68. Rb6+ Ke7 69. b5 d3 70. bxa6 d2 71. Rb7+ Ke6 72. Rb6+ Ke7
73. a7 d1=Q 74. a8=Q Qd3+ 75. Kh5 Qh7+ 76. Rh6 Qf7+ 0-1

[Event "Julius Baer Rapid Div 1 L"]
[Site "chess.com INT"]
[Date "2023.09.01"]
[Round "2.1"]
[White "Caruana, Fabiano"]
[Black "Abdusattorov, Nodirbek"]
[Result "1-0"]
[WhiteTitle "GM"]
[BlackTitle "GM"]
[WhiteElo "2782"]
[BlackElo "2725"]
[WhiteFideId "2020009"]
[BlackFideId "14204118"]
[EventDate "2023.08.31"]
[EventType "k.o."]

1. e4 c5 2. Nf3 Nf6 3. e5 Nd5 4. Nc3 e6 5. Ne4 f5 6. Nc3 Nxc3 7. dxc3 Nc6 8. Bf4
Qc7 9. Bd3 b6 10. Qe2 a6 11. O-O-O b5 12. g4 c4 13. Bxf5 exf5 14. gxf5 Bb7 15.
Ng5 Ne7 16. Rhe1 Nxf5 17. Nf7 g6 18. Nxh8 Bg7 19. Nf7 1-0

[Event "Julius Baer Rapid Div 1 L"]
[Site "chess.com INT"]
[Date "2023.09.01"]
[Round "2.1"]
[White "So, Wesley"]
[Black "Lazavik, Denis"]
[Result "1/2-1/2"]
[WhiteTitle "GM"]
[BlackTitle "GM"]
[WhiteElo "2769"]
[BlackElo "2560"]
[WhiteFideId "5202213"]
[BlackFideId "13515110"]
[EventDate "2023.08.31"]
[EventType "k.o."]

1. e4 e5 2. Nf3 Nc6 3. Bc4 Bc5 4. O-O Nf6 5. d3 d6 6. c3 a6 7. Re1 Ba7 8. Nbd2
O-O 9. Nf1 Na5 10. Bb3 Nxb3 11. axb3 Ng4 12. d4 exd4 13. Nxd4 Re8 14. f3 Ne5 15.
Be3 d5 16. exd5 Qxd5 17. Nc2 Qxd1 18. Raxd1 Bf5 19. Nb4 c5 20. Nd5 Rac8 21. Rd2
f6 22. Ng3 Bg6 23. Red1 Bb8 24. c4 b5 25. Rc1 Nd3 26. Rcd1 Nb4 27. Bf2 Nxd5 28.
Rxd5 Bc2 29. Ra1 Bxb3 30. Rxc5 Rxc5 31. Bxc5 Rc8 32. Be3 bxc4 33. Nf5 Re8 34.
Rxa6 Bc2 35. Nd4 Bd3 36. Re6 Rxe6 37. Nxe6 Kf7 38. Nc5 Bc2 39. Bd4 h5 40. g3 g5
41. Kf2 h4 42. Nd7 hxg3+ 43. hxg3 Bd6 44. Nxf6 Bc5 45. Bxc5 Kxf6 46. Bd4+ Kg6
47. Ke3 Bd1 48. Bc3 Bb3 49. Kd4 Kf5 50. Bd2 Kg6 51. Be3 Kf5 52. Bd2 Kg6 53. Kc3
Kf5 54. Be3 Kg6 55. Kd2 Kf5 56. Bb6 Kg6 57. Bd8 Kf5 58. Ke3 Kg6 59. Ke4 Bc2+ 60.
Kd4 Bb3 61. Be7 Kf5 62. Bd8 Kg6 63. Kc5 Kf5 64. Kb4 Kg6 65. Bb6 Kf5 66. Be3 Kg6
67. Bd2 Kf5 68. Kc5 Kg6 69. Kd4 Kf5 70. Be3 Kg6 71. Ke5 Bd1 72. Ke4 Bc2+ 73. Kd5
Bb3 74. Ke5 Bd1 75. f4 gxf4 76. gxf4 Kf7 77. f5 Bb3 78. f6 Ba2 79. Bd4 Bb3 80.
Bc3 Ba2 81. Kd5 Bb3 82. Kd6 Ba2 83. Ke5 Bb3 84. Kd5 Ba2 85. Kc5 Bb3 86. Kb4 Ke6
87. Be5 Kf7 88. Kc3 Ke6 89. Bd4 Kf7 90. Kb4 Ke6 91. Ka3 Kf7 92. Bc3 Ke6 93. Kb4
Kf7 94. Kc5 Ke6 95. Kc6 Ba4+ 96. Kc7 Bb3 97. Kd8 Kf7 98. Kd7 Ba2 99. Kd6 Bb3
100. Kc5 Ke6 101. Kc6 Kf7 102. Kd6 Ba2 103. Ke5 Bb3 104. Kf5 Ba2 105. Ke5 1/2-1/2

[Event "Julius Baer Rapid Div 1 L"]
[Site "chess.com INT"]
[Date "2023.09.01"]
[Round "2.2"]
[White "Abdusattorov, Nodirbek"]
[Black "Caruana, Fabiano"]
[Result "1-0"]
[WhiteTitle "GM"]
[BlackTitle "GM"]
[WhiteElo "2725"]
[BlackElo "2782"]
[WhiteFideId "14204118"]
[BlackFideId "2020009"]
[EventDate "2023.08.31"]
[EventType "k.o."]

1. Nf3 Nf6 2. g3 d5 3. Bg2 e6 4. c4 Be7 5. O-O O-O 6. b3 c5 7. Bb2 Nc6 8. e3 b6
9. Qe2 Bb7 10. d3 dxc4 11. bxc4 Rb8 12. Rd1 Qc7 13. Nc3 a6 14. Ne1 Ba8 15. a4
Nb4 16. f4 Bxg2 17. Kxg2 Rbd8 18. Nf3 Nd7 19. h4 f5 20. e4 Bf6 21. Ng5 Qc6 22.
Rd2 Bd4 23. Rad1 Nf6 24. Nf3 Ng4 25. Rb1 h6 26. Ba1 Be3 27. Rdd1 Rd7 28. Nh2
Nxh2 29. Kxh2 Bd4 30. Rd2 Kh7 31. Rbd1 Qd6 32. Kh3 Rdd8 33. Qf3 Qe7 34. Re2 Qf6
35. Rc1 Rd7 36. h5 Rfd8 37. Rd2 Qf7 38. Kg2 Bf6 39. Rcd1 Bd4 40. g4 Qf6 41. gxf5
Bxc3 42. fxe6 Bxa1 43. exd7 Bc3 44. e5 Qf5 45. Qe4 g6 46. Qxf5 gxf5 47. e6 Nc6
48. Re2 Ne7 49. Rb1 Ba5 50. Reb2 Kg7 51. Rxb6 Bxb6 52. Rxb6 a5 53. Kf3 Kf6 54.
Ke3 Ng8 55. d4 cxd4+ 56. Kxd4 Ke7 57. c5 Nf6 58. c6 Kd6 59. Ra6 Ng8 60. c7+ Kxc7
61. Ke5 Ne7 62. Kf6 Nd5+ 63. Kxf5 Rf8+ 64. Ke5 Ne7 65. Ra7+ Kc6 66. d8=N+ Rxd8
67. Rxe7 Rd5+ 68. Kf6 Rxh5 69. f5 Rh4 70. Ra7 Rxa4 71. e7 Re4 72. Kf7 1-0

[Event "Julius Baer Rapid Div 1 L"]
[Site "chess.com INT"]
[Date "2023.09.01"]
[Round "2.2"]
[White "Lazavik, Denis"]
[Black "So, Wesley"]
[Result "1/2-1/2"]
[WhiteTitle "GM"]
[BlackTitle "GM"]
[WhiteElo "2560"]
[BlackElo "2769"]
[WhiteFideId "13515110"]
[BlackFideId "5202213"]
[EventDate "2023.08.31"]
[EventType "k.o."]

1. d4 d5 2. c4 dxc4 3. Nf3 a6 4. e3 Nf6 5. Bxc4 e6 6. O-O c5 7. Be2 cxd4 8. Nxd4
Be7 9. b3 O-O 10. Bb2 b5 11. Nd2 Bb7 12. Bf3 Ra7 13. Rc1 Qd7 14. Qe2 Bxf3 15.
N2xf3 Rc8 16. Rxc8+ 1/2-1/2

[Event "Julius Baer Rapid Div 1 L"]
[Site "chess.com INT"]
[Date "2023.09.01"]
[Round "2.3"]
[White "Abdusattorov, Nodirbek"]
[Black "Caruana, Fabiano"]
[Result "1-0"]
[WhiteTitle "GM"]
[BlackTitle "GM"]
[WhiteElo "2725"]
[BlackElo "2782"]
[WhiteFideId "14204118"]
[BlackFideId "2020009"]
[EventDate "2023.08.31"]
[EventType "k.o."]

1. Nf3 d5 2. c4 e6 3. g3 Nf6 4. Bg2 Be7 5. O-O O-O 6. b3 c5 7. cxd5 Nxd5 8. Bb2
Nc6 9. Nc3 b6 10. Nxd5 exd5 11. d4 Ba6 12. Rc1 Rc8 13. Qd2 Qd7 14. Rfd1 Rfd8 15.
h4 Qe6 16. dxc5 bxc5 17. e3 Nb4 18. Ba3 Nd3 19. Rc3 c4 20. Nd4 Qf6 21. Bxe7 Qxe7
22. bxc4 dxc4 23. Nc6 Rxc6 24. Bxc6 h6 25. e4 Qe5 26. Bd5 Rxd5 27. exd5 Qxd5 28.
Qe3 Bb5 29. f3 a6 30. Rd2 f5 31. Kh2 Kh7 32. a4 Bxa4 33. Rcxd3 cxd3 34. Qxd3 Qe6
35. g4 Kg8 36. Qxf5 Qxf5 37. gxf5 Kf7 38. Kg3 Bb3 39. Kf4 a5 40. Ke5 a4 41. Rd7+
Kf8 42. Ra7 Bd1 43. f4 Bb3 44. h5 Bd1 45. f6 gxf6+ 46. Kxf6 Bxh5 47. Rxa4 Kg8
48. f5 Bd1 49. Rd4 Bc2 50. Ke6 h5 51. f6 Bg6 52. Ke7 1-0

[Event "Julius Baer Rapid Div 1 L"]
[Site "chess.com INT"]
[Date "2023.09.01"]
[Round "2.3"]
[White "Lazavik, Denis"]
[Black "So, Wesley"]
[Result "1-0"]
[WhiteTitle "GM"]
[BlackTitle "GM"]
[WhiteElo "2560"]
[BlackElo "2769"]
[WhiteFideId "13515110"]
[BlackFideId "5202213"]
[EventDate "2023.08.31"]
[EventType "k.o."]

1. d4 d5 2. c4 dxc4 3. Nf3 Nf6 4. e3 e6 5. Bxc4 c5 6. O-O Nc6 7. Qe2 a6 8. dxc5
Bxc5 9. a3 b5 10. Bd3 Bb7 11. b4 Bd6 12. Bb2 Qb8 13. Rd1 Ne5 14. Bxb5+ Ke7 15.
Nxe5 Bxe5 16. Bd3 Bxh2+ 17. Kh1 Be5 18. Bxe5 Qxe5 19. Nd2 Qg5 20. Nf3 Qh5+ 21.
Kg1 Bxf3 22. Qxf3 Qxf3 23. gxf3 a5 24. Rac1 axb4 25. Rc7+ Kf8 26. axb4 Rb8 27.
b5 Nd5 28. Ra7 g6 29. Bc4 Kg7 30. Bxd5 exd5 31. Rxd5 Rhd8 32. Rxd8 Rxd8 33. Ra1
Rb8 34. Rb1 Kf6 35. Kg2 Ke6 36. Kg3 Kd5 37. Kg4 f6 38. e4+ Kd6 39. f4 Rb6 40. f5
Kc5 41. f4 Kd4 42. Kf3 gxf5 43. exf5 h5 44. Rd1+ Kc5 45. Rc1+ Kd4 46. Rb1 Kd5
47. Rd1+ Kc4 48. Rh1 Rxb5 49. Rxh5 Kd5 50. Rh7 Kd6 51. Kg4 Rb1 52. Kh5 Rg1 53.
Kh6 Kd5 54. Re7 Kd6 55. Re6+ Kd7 56. Rxf6 Rg4 57. Re6 Rg8 58. Re1 Rg4 59. f6 1-0

[Event "Julius Baer Rapid Div 1 L"]
[Site "chess.com INT"]
[Date "2023.09.02"]
[Round "3.1"]
[White "Lazavik, Denis"]
[Black "Abdusattorov, Nodirbek"]
[Result "1-0"]
[WhiteTitle "GM"]
[BlackTitle "GM"]
[WhiteElo "2560"]
[BlackElo "2725"]
[WhiteFideId "13515110"]
[BlackFideId "14204118"]
[EventDate "2023.08.31"]
[EventType "k.o."]

1. d4 d5 2. c4 c6 3. Nf3 Nf6 4. e3 g6 5. Nc3 Bg7 6. Be2 O-O 7. O-O Be6 8. b3 Ne4
9. Bb2 Nd7 10. Rc1 Ndf6 11. Na4 Rc8 12. Ne5 Nd7 13. Nd3 Bf5 14. g4 Be6 15. Nf4
Bh6 16. f3 Nef6 17. h4 Bxf4 18. exf4 dxc4 19. bxc4 b5 20. d5 cxd5 21. cxb5 Rxc1
22. Qxc1 Qa5 23. Qd1 Rc8 24. Qd4 Rc2 25. Bd3 Rd2 26. f5 gxf5 27. g5 Rxd3 28.
Qxd3 Qxa4 29. gxf6 Qxh4 30. Rf2 Nxf6 31. Qd4 Qh6 32. Qxa7 Kf8 33. Bxf6 exf6 34.
Qc5+ Ke8 35. Rg2 Kd7 36. Rg8 Qh4 37. Qc6+ Ke7 38. Re8# 1-0

[Event "Julius Baer Rapid Div 1 L"]
[Site "chess.com INT"]
[Date "2023.09.02"]
[Round "3.2"]
[White "Abdusattorov, Nodirbek"]
[Black "Lazavik, Denis"]
[Result "1/2-1/2"]
[WhiteTitle "GM"]
[BlackTitle "GM"]
[WhiteElo "2725"]
[BlackElo "2560"]
[WhiteFideId "14204118"]
[BlackFideId "13515110"]
[EventDate "2023.08.31"]
[EventType "k.o."]

1. d4 Nf6 2. c4 e6 3. Nc3 Bb4 4. Qc2 O-O 5. a3 Bxc3+ 6. Qxc3 d5 7. Nf3 dxc4 8.
Qxc4 b6 9. Bd2 Ba6 10. Qc2 Nbd7 11. e4 Bxf1 12. Kxf1 Re8 13. Rd1 Qc8 14. h4 c5
15. e5 Nd5 16. Ng5 f5 17. exf6 N7xf6 18. dxc5 Qxc5 19. Qxc5 bxc5 20. Re1 Rab8
21. Bc1 e5 22. Ne4 Nxe4 23. Rxe4 Nf4 24. Bxf4 exf4 25. Rxe8+ Rxe8 26. Rh3 Rb8
27. b3 Kf7 28. Rc3 Ke6 29. Rxc5 Rxb3 30. Ra5 f3 31. gxf3 Rxf3 32. Rxa7 Kf6 33.
Kg2 Rb3 34. Ra4 Kf5 35. f3 g6 36. Kg3 Kf6 37. Rf4+ Kg7 38. a4 Ra3 39. Rb4 Kh6
40. Rc4 Ra1 41. Kg4 Ra3 42. Rf4 Ra1 43. Kg3 Ra2 44. Rd4 Ra3 45. Kg4 Ra1 46. Kg3
Ra2 47. Rf4 Ra3 48. Kf2 Kh5 49. Ke2 h6 50. Kf2 g5 51. hxg5 hxg5 52. Rb4 Ra2+ 53.
Ke3 Ra3+ 54. Ke4 Kg6 55. Rb6+ Kh5 56. Ra6 Kh4 57. Ra5 Ra1 58. Kf5 Kh5 59. Ra8
Kh4 60. a5 Ra3 61. f4 g4 62. a6 Kg3 63. a7 Kf3 64. Ke5 g3 65. f5 g2 66. Rg8 Rxa7
67. f6 Kf2 68. Ke6 g1=Q 69. Rxg1 Kxg1 70. f7 Rxf7 71. Kxf7 1/2-1/2

[Event "Julius Baer Rapid Div 1 L"]
[Site "chess.com INT"]
[Date "2023.09.03"]
[Round "4.1"]
[White "Firouzja, Alireza"]
[Black "Lazavik, Denis"]
[Result "1/2-1/2"]
[WhiteTitle "GM"]
[BlackTitle "GM"]
[WhiteElo "2777"]
[BlackElo "2560"]
[WhiteFideId "12573981"]
[BlackFideId "13515110"]
[EventDate "2023.08.31"]
[EventType "k.o."]

1. e4 e5 2. Nf3 Nc6 3. Bc4 Bc5 4. c3 Nf6 5. d3 O-O 6. O-O d5 7. exd5 Nxd5 8. Re1
Bg4 9. a4 a6 10. h3 Bh5 11. a5 Kh8 12. Nbd2 f5 13. d4 exd4 14. Nb3 Ba7 15. Nbxd4
Nxd4 16. cxd4 c6 17. Be2 Bxf3 18. Bxf3 Qf6 19. Ra4 Rad8 20. Qb3 Bxd4 21. Qxb7
Qh4 22. Rxd4 Qxd4 23. Qxa6 Nb4 24. Qb6 Qxb6 25. axb6 Rb8 26. Re7 Rxb6 27. Be3
Rbb8 28. Bd4 Rg8 29. Rf7 Nd5 30. Rxf5 Rgf8 31. Rg5 Rf7 32. Bxd5 cxd5 33. Rxd5 h6
34. g3 1/2-1/2

[Event "Julius Baer Rapid Div 1 L"]
[Site "chess.com INT"]
[Date "2023.09.03"]
[Round "4.2"]
[White "Lazavik, Denis"]
[Black "Firouzja, Alireza"]
[Result "0-1"]
[WhiteTitle "GM"]
[BlackTitle "GM"]
[WhiteElo "2560"]
[BlackElo "2777"]
[WhiteFideId "13515110"]
[BlackFideId "12573981"]
[EventDate "2023.08.31"]
[EventType "k.o."]

1. d4 d5 2. c4 c6 3. Nf3 Nf6 4. e3 Bf5 5. Nc3 e6 6. Nh4 Be4 7. f3 Bg6 8. Bd2 Be7
9. Nxg6 hxg6 10. Qc2 a5 11. h4 dxc4 12. Bxc4 Nd5 13. O-O-O a4 14. a3 Nd7 15. e4
N5f6 16. Ba2 b5 17. d5 cxd5 18. exd5 exd5 19. Nxd5 Nxd5 20. Bxd5 Rc8 21. Bc3 Qc7
22. Rhe1 Nf6 23. Qe2 Kf8 24. Kb1 Rxh4 25. Ba2 b4 26. axb4 Qb7 27. Rh1 Rxh1 28.
Rxh1 Ng8 29. b5 Qb6 30. Qe5 Rxc3 31. Qxc3 Qxb5 32. Qc8+ Qe8 33. Qxe8+ Kxe8 34.
Rh8 Kf8 35. Bc4 a3 36. b3 g5 37. Ka2 Bb4 38. Rh5 Be7 39. Kb1 Nh6 40. Bd3 Kg8 41.
Rh1 g4 42. f4 Bd6 43. g3 Kf8 44. Re1 Ng8 45. Bf5 Nf6 46. Re3 g6 47. Bc8 Bc5 48.
Rd3 Bb4 49. Rd4 Bc5 50. Rc4 Bf2 51. Rc3 Ne4 52. Rd3 f5 53. b4 Nxg3 54. Bb7 Ne4
55. Rxa3 g3 56. Ra6 Kg7 57. Kc2 g2 58. Ra1 g1=Q 59. Rxg1 Bxg1 60. Kd3 Nd6 61.
Bc6 Kf6 62. Ke2 Bd4 63. Kf3 Bc3 64. b5 Bd4 65. Kg3 Ke7 66. Kf3 Kd8 67. Kg3 Kc7
68. Kf3 Kb6 69. Kg3 Kc5 70. Kf3 Bf6 71. Bd7 Nxb5 72. Be8 Nd4+ 73. Ke3 g5 74.
fxg5 Bxg5+ 75. Kf2 Kd6 76. Bg6 f4 77. Bh5 Ke5 78. Kg2 Ke4 79. Kf2 Bh4+ 80. Kg2
Ke3 81. Kh3 Bf6 82. Kg2 Be5 83. Bg4 f3+ 84. Bxf3 Nxf3 85. Kh3 Kf4 86. Kg2 Bd4
87. Kh3 Ng5+ 88. Kg2 Ne4 89. Kh2 Kf3 90. Kh1 Ng3+ 91. Kh2 Bc5 92. Kh3 Bg1 93.
Kh4 Ne4 94. Kh5 Kf4 95. Kg6 Ng5 96. Kf6 Bc5 97. Kg6 Bd4 98. Kh5 Kf5 99. Kh4 Bf2+
100. Kh5 Be1 101. Kh6 Ne6 102. Kh5 Ng7+ 103. Kh6 Kf6 104. Kh7 Kf7 105. Kh6 Bd2+
106. Kh7 Ne6 0-1